| 000 | 00743nam a22002177a 4500 | ||
|---|---|---|---|
| 005 | 20251108172700.0 | ||
| 008 | 250721s2003 xx 000 0 ara d | ||
| 082 | 1 | 4 | _a635.9/مزا |
| 100 | 1 |
_aمزاهرة، أيمن سليمان _eمؤلف |
|
| 245 | 1 | 0 | _aالزراعة المنزلية : الحديقة المنزلية / |
| 264 | 1 |
_aعمان : _bدار المناهج للنشر والتوزيع، _c2003. |
|
| 300 | _a210ص | ||
| 650 | 1 | 7 | _aالحدائق المنزلية |
| 650 | 1 | 7 | _aنباتات الزينة |
| 650 | 1 | 7 | _aنباتات الظل |
| 650 | 1 | 7 | _aالخضروات الثمرية |
| 650 | 1 | 7 | _aأشجار الفاكهة |
| 700 | 1 |
_aحموة، فدوى غازي _eمؤلف |
|
| 942 |
_2ddc _cBK |
||
| 999 |
_c85800 _d85800 |
||